000 00404nam a2200145 i 4500
001 50152
003 ES-MaACL
005 20230906162131.0
007 t|
008 030731s1965 sp ||||1| spa d
245 0 0 _aCrónica de un año de España
_b: (18 julio 1964, 18 julio 1965).
260 _aMadrid :
_bS.I.E.,
_c1965.
300 _a278 p., 8 lám. ;
_c21 cm.
852 _aES-MaACL
_jC-28127
_bR.57511
999 _c50152
_d50152